000 00611nam a22002057a 4500
003 OSt
005 20260630130134.0
008 260630b |||||||| |||| 00| 0 eng d
020 _a0571113222
040 _aKABLIB
_beng
_cKABLIB
082 _223
_a636.39
_bMAC
100 _aMakenzie David
_eauthor
_915837
245 _aGoat Husbandry
_cDavid Mackenzie revised and edited by Jean Laing
260 _aLondon :
_bFaber and Faber.
_c1980.
300 _a375p .:
_bill.;
_c18 cm.
650 _afeeding practice
_915838
650 _acropping of goats
_915839
700 _aLaing Jean
_eeditor
_915840
942 _2ddc
_cBOOK
999 _c6225
_d6225